000 00968nam a2200277 i 4500
003 EG-GICUC
005 20260430104223.0
008 260430s1930 pl |||fr|||| 00| 0 fre d
040 _aEG-GiCUC
_bfre
_cEG-GiCUC
_dEG-GiCUC
_eRda
082 0 4 _221
_a343.433
_bGR . L
092 0 4 _221
099 _aLaw1 10 343.433 GR . L 1930
100 1 _aGrzegorzewski, Ziemowit
_eAuteur
245 1 3 _aLa Lutte Contre La Mendicité Et Le Vagabondage :
_bThe Fight Against Vagrancy and Mendicity /
_cZiemowit Grzegorzewski.
264 1 _aPologne :
_bVarsovie,
_c1930.
300 _a47 page;
_c 24 cm.
336 _2rda contenu
_a texte
337 _2rda medias
_aOrdinateur
338 _2 transporteur rda
_a Ressource en ligne
650 1 _aLégislation Relative AU Sans-abrisme Et À La Mendicité
_2qrmak
650 1 _aDroit De Pénal
_2qrmak
651 1 _2qrmak
856 4 0 _uhttps://fll.law.cu.edu.eg/fulltext/bks/B10-11281.pdf
905 _a54
942 _2ddc
_cBK
_e21
_n0
999 _c74431
_d74431